000 00729nam a2200253Ia 4500
001 Para_183
003 CHAP
008 220125s199? xx 000 0 und d
010 _a198785
040 _cCHAP
090 _aPA FOLLETO 3152
100 _aBanderas T., Alfonso
_9164085
245 _aReflexiones sobre las relaciones parasito-hospedera en fitopatologia y su prevención /
_c por Alfonso Banderas T
260 _aMéxico, D.F. :
_b PFIZER. División agrícola
300 _a4 p.
650 _aFitopatología
_941161
901 _aPA FOLLETO 3152
902 _aA
905 _a000000199? 0000000000 00
910 _a199?
942 _cPARA
942 _cPARA
_d1
999 _c198785
_d198785